<?xml version="1.0" encoding="utf-8"?>
<?xml-stylesheet type='text/xsl' href='./oai2.xsl'?>
<OAI-PMH xmlns="http://www.openarchives.org/OAI/2.0/" xmlns:xsi="http://www.w3.org/2001/XMLSchema-instance" xsi:schemaLocation="http://www.openarchives.org/OAI/2.0/ http://www.openarchives.org/OAI/2.0/OAI-PMH.xsd">
  <responseDate>2026-06-06T14:44:32Z</responseDate>
  <request verb="GetRecord" metadataPrefix="marcxml" identifier="record_kuniweb_162200">https://kulturerbe.niedersachsen.de/oai</request>
  <GetRecord>
    <record>
      <header>
        <identifier>record_kuniweb_162200</identifier>
        <datestamp>2025-08-28T09:38:22Z</datestamp>
        <setSpec>slg0137</setSpec>
      </header>
      <metadata>
        <marc:record xmlns:marc="http://www.loc.gov/MARC21/slim" xsi:schemaLocation="http://www.loc.gov/MARC21/slim http://www.loc.gov/standards/marcxml/schema/MARC21slim.xsd">
          <marc:leader>12345nkm  22     uu 4500</marc:leader>
          <marc:controlfield tag="001">162200</marc:controlfield>
          <marc:controlfield tag="003">http://kuniweb.gbv.de</marc:controlfield>
          <marc:controlfield tag="005">2018-03-24T14:02:39</marc:controlfield>
          <marc:controlfield tag="008">|           ||||||||||||||||||||||</marc:controlfield>
          <marc:datafield tag="245" ind1="1" ind2="0">
            <marc:subfield code="a">Zeichnung zur Aufstellung eines Horizontalgatters bei Herrn Ph. Heinze, Mühlenbesitzer in Ershausen, 1908</marc:subfield>
          </marc:datafield>
          <marc:datafield tag="655" ind1=" " ind2="7">
            <marc:subfield code="a">Grafik</marc:subfield>
          </marc:datafield>
          <marc:datafield tag="046" ind1=" " ind2=" ">
            <marc:subfield code="k">1908-02-20</marc:subfield>
            <marc:subfield code="k">20.02.1908</marc:subfield>
          </marc:datafield>
          <marc:datafield tag="260" ind1=" " ind2=" ">
            <marc:subfield code="g">1908-02-20</marc:subfield>
            <marc:subfield code="g">20.02.1908</marc:subfield>
          </marc:datafield>
          <marc:datafield tag="520" ind1=" " ind2=" ">
            <marc:subfield code="a">Zeichnung - schwarz-weiß
Herstellungsort -  Königshütte, Bad Lauterberg

Auftraggeber und Standort: 
Mühlenbesitzer Ph. Heinze, Ershausen

Anmerkung zum Objekt:
Bei einem Horizontalgatters (Waagerechtgatter) sind die Hauptbestandteile der horizontal liegende Sägerahmen, der durch einen Stelzenantrieb in entsprechend ausgebildeten Führungen hin- und her- bewegt wird, wobei der aufzuschneidende Stamm, auf dem Blockwagen (auch Spannwagen oder Laufwagen genannt) festgespannt, automatisch gegen das Sägeblatt geführt und, nach dem Abschneiden zum Beispiel einer Bohle, wieder im schnell Lauf zurückgefahren wird. Dieses Grundprinzip gilt auch noch für die heutigen Horizontalgatter. Es ist wiederholt versucht worden, den Stelzenantrieb des Sägerahmens (aus Stahl oder Holz hergestellt, letzteren, um an Gewicht zu sparen) durch andere zu ersetzen, weil durch die periodische Beschleunigung und Verzögerung der bewegten Teile bei größeren Hub und verhältnismäßig hoher Drehzahl erhebliche Massenkräfte auftreten und der Platzbedarf des Horizontalgatters auch in der Breite sehr groß ist. Der Stelzenantrieb ist in der jetzigen Art also vom Horizontalgatter nicht wegzudenken, und es ist nicht anzunehmen, dass dieses durch ein anderes Prinzip ersetzt werden kann, solange überhaupt noch Horizontalgatter gebaut werden.
aus:
Horizontalgatter (Horiz-Gatter) | Holzwurm-page, Holz mit Know How
www.holzwurm-page.de › Holztechnik › Sägewerk


 


 (Förderkreis Königshütte Bad Lauterberg e.V.)

Maßstab: 1 zu 50</marc:subfield>
          </marc:datafield>
          <marc:datafield tag="650" ind1="1" ind2=" ">
            <marc:subfield code="a">Holzverarbeitung</marc:subfield>
          </marc:datafield>
          <marc:datafield tag="650" ind1="1" ind2=" ">
            <marc:subfield code="a">Grafik, Fotografie &gt; Zeichnung</marc:subfield>
          </marc:datafield>
          <marc:datafield tag="650" ind1="1" ind2=" ">
            <marc:subfield code="a">Handwerk</marc:subfield>
          </marc:datafield>
          <marc:datafield tag="650" ind1="1" ind2=" ">
            <marc:subfield code="a">Ershausen (Schimberg, Ershausen/Geismar, Eichsfeld, Thüringen)</marc:subfield>
          </marc:datafield>
          <marc:datafield tag="773" ind1="0" ind2=" ">
            <marc:subfield code="t">Maschinen</marc:subfield>
          </marc:datafield>
          <marc:datafield tag="852" ind1=" " ind2=" ">
            <marc:subfield code="a">Industriedenkmal Königshütte Bad Lauterberg im Harz</marc:subfield>
          </marc:datafield>
          <marc:datafield tag="" ind1=" " ind2=" ">
            <marc:subfield code="a">Namensnennung - Nicht kommerziell - Keine Bearbeitungen 4.0 International (CC BY-NC-ND 4.0)</marc:subfield>
          </marc:datafield>
        </marc:record>
      </metadata>
    </record>
  </GetRecord>
</OAI-PMH>
